000 00834cam a2200253 4500
001 WB3601-37
008 000000n1999 000 0 eng u
035 _a(Sirsi) u103372
245 _aSurveyor's negligence
260 _c1999
490 _aEstates Gazette Case Summaries
_v(1999) EGCS 149(1)
520 _a"Alliance and Leicester plc v Harrison Robertshaw" ChD 6 December 1999. Discusses whether a hotel valuation fell outside the bracket of correct valuation.
590 _aWB
650 0 _aALLIANCE AND LEICESTER PLC V HARRISON ROBERTSHAW
650 _aNEGLIGENCE
650 _aSURVEYORS
650 _aMARGIN OF ERROR
650 _aVALUATION METHODS
650 _aPROFITS METHOD
650 _aValuation
_96273
650 _aHOTEL
690 _aMANAGEMENT-BUSINESS MANAGEMENT-PROFESSIONAL PRACTICE
942 _n0
999 _c62124
_d62124